Gatos en el tejado / (Registro nro. 12566)
[ vista simple ]
| 000 -LIDER | |
|---|---|
| fixed length control field | 00671nam a2200241 a 4500 |
| 001 - NÚMERO DE CONTROL | |
| Identificador de número de control | 000028768 |
| 003 - IDENTIFICACDOR DE NÚMERO DE CONTROL | |
| control field | DO-SdBNP |
| 005 - DATE AND TIME OF LATEST TRANSACTION | |
| control field | 20171024122917.0 |
| 008 - ELEMENTOS DE LONGITUD FIJA | |
| fixed length control field | 110412s2008 dr 000 f spa d |
| 020 ## - ISBN | |
| International Standard Book Number | 9789945429121 |
| 040 ## - FUENTE DE CATALOGACIÓN | |
| Agencia que crea de manera original el registro | BNPHU |
| Idioma de catalogación | spa |
| Agencia que realiza la transcripción | BNPHU |
| 049 ## - LOCAL HOLDINGS (OCLC) | |
| Holding library | |
| 092 ## - LOCALLY ASSIGNED DEWEY DECIMAL CALL NUMBER | |
| Número de clasificación | xxx |
| Número de ítem (Cutter) | P438g |
| 100 1# - ASIENTO PRINCIPAL -- NOMBRE PERSONAL | |
| Nombre personal | Pérez de la Iglesia, Janina |
| 245 10 - MENCIÓN DE TITULO | |
| Título | Gatos en el tejado / |
| Mención de responsabilidad | Janina Pérez de la Iglesia. |
| 260 ## - PUBLICACIÓN, DISTRIBUCIÓN, ETC. (PIE DE IMPRENTA) | |
| Lugar de publicación, distribución, etc | Santo Domingo : |
| Nombre del editor, distribuidor, etc. | Alfaguara, |
| -- | |
| Fecha de publicación, distribución, etc | 2008. |
| 300 ## - DESCRIPCIÓN FÍSICA | |
| Extensión | 332 p. ; |
| Dimensiones | 22 cm. |
| 490 1# - MENCIÓN DE SERIES | |
| Mención de serie | Alfaguara |
| -- | roja |
| 830 #0 - ASIENTO SECUNDARIO DE SERIE--TÍTULO UNIFORME | |
| Título uniforme | Alfaguara |
| Nombre de la parte o sección de una obra | Roja |
| 942 ## - ADDED ENTRY ELEMENTS (KOHA) | |
| Source of classification or shelving scheme | Dewey Decimal Classification |
| Koha item type | Libros |
| 945 ## - INFORMACIÓN DE PROCESAMIENTO LOCAL | |
| Información de procesamiento local | Inventariado / 2017 VM |
| 956 ## - LOCAL ELECTRONIC LOCATION AND ACCESS (OCLC) | |
| Nombre de host | VMATEO |
| Número de acceso | 10 |
| Información de compresión | 20170301 |
| Inicio de sesión | BPMSU |
| Procesador de solicitud | 0069 |
| Withdrawn status | Lost status | Source of classification or shelving scheme | Damaged status | Not for loan | Collection code | Home library | Current library | Date acquired | Source of acquisition | Total Checkouts | Barcode | Date last seen | Price effective from | Koha item type |
|---|---|---|---|---|---|---|---|---|---|---|---|---|---|---|
| Dewey Decimal Classification | Colección Dominicana | Biblioteca Pública Metropolitana Salomé Ureña | Biblioteca Pública Metropolitana Salomé Ureña | 03/01/2017 | Alfaguara | BPMSU17030002 | 03/01/2017 | 03/01/2017 | Libros |